Fictional Worlds Quiz Stats

 Plays Quiz Updated Feb 4, 2015

Also try: Fictional Maps
Challenge
Share
Tweet
Embed
Score 0/18 Timer 05:00
0 Plays Today
Work/Series World/Country % Correct
Lord of the RingsMiddle-Earth
87.3%
Peter PanNeverland
82.9%
The Lion, the Witch, and the WardrobeNarnia
80.9%
Hunger GamesPanem
62.4%
A Song of Ice and FireWesteros
49.8%
AvatarPandora
35.8%
Legend of ZeldaHyrule
35.3%
ShrekFar, Far Away
35.1%
Super MarioMushroom Kingdom
24.8%
Work/Series World/Country % Correct
The Color of MagicDiscworld
24.7%
1984Oceania
20.2%
TransformersCybertron
14%
The Elder ScrollsNirn
12.6%
Avatar:The Last AirbenderThe Four Nations
11.4%
World of WarcraftAzeroth
10.8%
Dialogue of CounselUtopia
9.3%
The Farthest ShoreEarthsea
7.6%
EragonAlagaƫsia
6.4%

You're not logged in!

Compare scores with friends on all Sporcle quizzes.
OR
Log In

You Might Also Like...

Show Comments

Extras

Top Quizzes Today


Score Distribution

Your Account Isn't Verified!

In order to create a playlist on Sporcle, you need to verify the email address you used during registration. Go to your Sporcle Settings to finish the process.

Report this User

Report this user for behavior that violates our Community Guidelines.

Details: